01465pam a2200349 a 45000010006000000050017000060080041000230100017000640200033000810200032001140200018001460350012001640400026001760500021002020820019002232450079002422600049003213000032003704400044004025040051004465050178004976500037006756500043007126500026007556500031007817000028008127000035008409060045008759420012009209990017009329520166009491339020251017135216.0920805s1993 nyua b 001 0 eng  a 92031413  a089503106X (cloth) :c$38.95 a0895031078 (pbk.) :c$28.95 a9780895031075 a4396694 aDLCcDLCdDLCdBSULIB00aBT825b.D37 199300a259.6220bDEA00aDeath and spirituality /c[edited by] Kenneth J. Doka with John D. Morgan. aAmityville, N.Y. :bBaywood Pub. Co.,c1993. ax, 406 p. :bill. ;c23 cm. 0aDeath, value, and meaning series926014 aIncludes bibliographical references and index. aI) Introduction II) Perspectives on Death III) Spiritual Concerns in counseling the dying IV) Spiritual issues in bereavement V) Death and the Human Spirit VI) Resources  0aDeathxReligious aspects.926015 0aBereavementxReligious aspects.926016 0aSpiritual life.95878 0aPastoral counseling.971601 aDoka, Kenneth J.9228321 aMorgan, John D.,d1933-926017 a7bcbccorignewd1eocipf19gy-gencatlg 2ddccBK c13390d13390 00102ddc4070absubbsucRBSd2011-10-13ePurchasei23224l0o259.6 DEApbsu25100329r2025-10-17 13:51:55t001w2025-10-17yBKzMaterial available in hard copy